LEADER 00819nam0-22003011i-450- 001 990001635460403321 005 20050331102853.0 035 $a000163546 035 $aFED01000163546 035 $a(Aleph)000163546FED01 035 $a000163546 100 $a20030910d1963----km-y0itay50------ba 101 0 $aeng 200 1 $aPlant diseases$eepidemics and control$fJ.E. Van der Plank 210 $aNew York and London$cAcademic Press$d1963 215 $aXVI, 349 p.$d24 cm 610 0 $aFitopatologia 610 0 $aDifesa vegetale 676 $a581.2 676 $a632.9 700 1$aPlank,$bJ.E. Van der$064839 801 0$aIT$bUNINA$gRICA$2UNIMARC 901 $aBK 912 $a990001635460403321 952 $a60 581.28 B 4$b43210$fFAGBC 959 $aFAGBC 996 $aPlant diseases$9367464 997 $aUNINA LEADER 01119nam a2200313 i 4500 001 991001099339707536 005 20020507111243.0 008 970308s1965 uk ||| | eng 035 $ab10173511-39ule_inst 035 $aLE00642141$9ExL 040 $aDip.to Fisica$bita 084 $a510.28 084 $a510.45 084 $a517.3 084 $aQA431 100 1 $aMikhlin, S.G.$0462416 245 10$aMultidimensional singular integrals and integral equations /$cS.G. Mikhlin ; translated from the russian by W.J. White ; transl. edited by N. Sneddon 260 $aOxford :$bPergamon,$c1965 300 $axii, 259 p. :$bill. ;$c22 cm. 650 4$aIntegral equations 650 4$aIntegrals 700 1 $aWhite, W.J. 700 1 $aSneddon, Ian Naismith 907 $a.b10173511$b21-09-06$c27-06-02 912 $a991001099339707536 945 $aLE006 510.28 MIK$g1$i2006000020572$lle006$o-$pE0.00$q-$rl$s- $t0$u1$v0$w1$x0$y.i10212644$z27-06-02 996 $aMultidimensional singular integrals and integral equations$9189628 997 $aUNISALENTO 998 $ale006$b01-01-97$cm$da $e-$feng$guk $h0$i1